|
|
|
|
| LEADER |
00681cam a2200193 a 4500 |
| 020 |
|
|
|a 9781848606845 (cased)
|
| 020 |
|
|
|a 9781848606852 (pbk.)
|
| 082 |
0 |
0 |
|a 371.102 4
|b HOW
|
| 245 |
0 |
0 |
|a How to manage children's challenging behaviour
|
| 250 |
|
|
|a 2nd ed.
|
| 260 |
|
|
|a London ;
|a Thousand Oaks, CA :
|b Sage Publications,
|c 2009.
|
| 650 |
|
0 |
|a Classroom management.
|
| 650 |
|
0 |
|a Problem children
|
| 650 |
|
0 |
|a Problem children
|
| 650 |
|
0 |
|a Behavior disorders in children.
|
| 700 |
1 |
|
|a Rogers, Bill,
|
| 942 |
|
|
|c BK
|
| 999 |
|
|
|c 33600
|d 33600
|
| 952 |
|
|
|0 0
|1 0
|4 0
|6 371_102000000000000_4_HOW
|7 0
|8 Stack
|9 35538
|a KUCL
|b KUCL
|c Stack
|d 2015-07-15
|g 22.99
|l 0
|o 371.102 4 HOW
|p 31855
|r 2015-07-15
|w 2015-07-15
|y BK
|